00488 2200181 4500001002100000005001500021008004100036020002200077035001900099041000700118082001200125090001800137100002300155245004500178260004500223300002300268650001500291INLIS00000000000964520241224113847241224||||||||| | ||| |||| || |  a978-602-00-2165-2 0010-1224009645 aid0 a004.678 a004.678 SEN s0 aJubilee Enterprise00a90 Tips dan Trik Cepat Menguasai Google+ aJakartabPT. Elex Media Komputindoc2012 ax, 153 hlm.; 21 cm 0aKarya Umum